000 00859nam a22002177a 4500
999 _c11118
_d11118
003 AR-CdUCM
008 190402b ||||| |||| 00| 0 spa d
040 _aMUNICIPALIDAD PROVINCIAL DEL CUSCO
_cBIBLIOTECA MUNICIPAL DEL CUSCO
082 _a985.0191 /
_bAR68 / 1956
100 _aArciniega , Rosa
_928297
245 _aPedro Sarmiento de Gamboa :
_b(El Ulises de América) /
260 _aBuenos Aires :
_bSudamericana,
_c1956.
300 _a245 páginas ;
_c21 cm.
505 _aContenido: Magia, astrología, inquisición -- Odisea en busca de las maravillosas tierras de Ofir -- Historia de un imperio fenecido -- Piratas en el mar del Sur -- Lima y Sevilla se abrazan por encima de los mares ...
650 _aCronistas
_91200
650 _aBiografía
_922
650 _aHistoria
_9136
650 _aPerú
_935
942 _2ddc
_cLIBROS
945 _aachl